000 00448nam a22001817a 4500
003 MPLRDC
005 20220104113545.0
008 210129b ||||| |||| 00| 0 eng d
082 _a857.62 TLXS v.37
100 _a中堂利夫
245 _a丝路谋杀案
_c刘慕沙译
250 _a初版
260 _a
_b林白出版社
_c1987
300 _b
490 _a推理小说系列. 37
650 _a推理小说
942 _cBK
_o857.62 TLXS v.37
999 _c580
_d570